[Event "XVe Open International de l'Indre"]
[Site "Chateauroux - FRA"]
[Date "2014.10.27"]
[Round "4.8"]
[White "Trendowski, Michal"]
[Black "Kessler, Stefan"]
[Result "1-0"]
[WhiteElo "1569"]
[BlackElo "2023"]
[Board "8"]
[Input " "]
[Owner "FFE"]

1.e4 c5 2.Nf3 e6 3.d4 cxd4 4.Nxd4 a6 5.c4 Qc7 6.Nc3 Nf6 7.Be2 Bb4 8.
O-O Bxc3 9.bxc3 Nxe4 10.Bf3 Nc5 11.Nb3 d6 12.Nxc5 dxc5 13.Be3 O-O 14.
Rb1 Nd7 15.Kh1 Rb8 16.Qa4 b6 17.Rfd1 Rd8 18.Qc6 Qxc6 19.Bxc6 f6 20.
Bxc5 Bb7 21.Bxb6 Bxc6 22.Bxd8 Rxd8 23.Rb6 Ba4 24.Rd2 Nxb6 25.Rxd8+ 
Kf7 26.Rd6 Nd7 27.Rxa6 Bc2 28.a4 Ke7 29.a5 g5 30.f3 Bd3 31.Ra8 Bxc4 
32.a6 Nb6 33.Rb8 Nd7 34.a7 Bd5 35.c4 Bc6 36.a8=Q Bxa8 37.Rxa8 Kd6 38.
Rh8 Ne5 39.Rxh7 Nxc4 40.Rh6 Ke5 41.Kg1 Kf5 42.Kf2 Nd6 43.Ke3 Ke5 44.
Rg6 Kf5 45.Rg8 Ke5 46.Kd3 Nf5 47.g3 Ne7 48.Ra8 Kf5 49.Ra5+ Kg6 50.Ra6
e5 51.Ke4 Kf7 52.Ra7 Ke6 53.Rxe7+ Kxe7 54.Kf5 Kf7 55.h4 gxh4 56.gxh4 
Kg7 57.h5 Kh6 58.Kxf6 Kxh5 59.Kxe5 Kg6 60.f4 Kg7 61.Ke6 Kf8 62.Kf6 
Kg8 63.Ke7 1-0

[Event "XVe Open International de l'Indre"]
[Site "Chateauroux - FRA"]
[Date "2014.10.27"]
[Round "4.9"]
[White "Gauthier, Cyrille"]
[Black "Kapala, Serge"]
[Result "0-1"]
[WhiteElo "2013"]
[BlackElo "1782"]
[Board "9"]
[Input " "]
[Owner "FFE"]

1.e4 d5 2.exd5 Nf6 3.Nf3 Nxd5 4.d4 g6 5.c4 Nb6 6.c5 Nd5 7.Bc4 Bg7 8.
Qb3 c6 9.Nc3 e6 10.Ne4 O-O 11.Bd2 b5 12.Be2 a5 13.h4 Nd7 14.h5 e5 15.
hxg6 fxg6 16.Bh6 a4 17.Qc2 Qa5+ 18.Bd2 Qc7 19.Neg5 N7f6 20.dxe5 Bf5 
21.Bd3 Bxd3 22.Qxd3 Rfe8 23.O-O-O Ng4 24.Rxh7 Nxe5 25.Qc2 b4 26.Be3 
b3 27.Qb1 Nxe3 28.fxe3 Qe7 29.Kd2 0-1

[Event "XVe Open International de l'Indre"]
[Site "Chateauroux - FRA"]
[Date "2014.10.27"]
[Round "4.10"]
[White "Guillo, Nicolas"]
[Black "Florence, Gerard"]
[Result "1-0"]
[WhiteElo "1900"]
[BlackElo "1537"]
[Board "10"]
[Input " "]
[Owner "FFE"]

1.c4 Nf6 2.Nc3 e6 3.g3 c5 4.e4 Nc6 5.Bg2 b6 6.Nge2 Qc7 7.f4 a6 8.e5 
Ng8 9.d4 cxd4 10.Nxd4 Bb4 11.Nxc6 dxc6 12.O-O Bxc3 13.bxc3 Ne7 14.Ba3
O-O 15.Bd6 Qd7 16.Qh5 Rd8 17.Be4 g6 18.Qf3 Bb7 19.Rad1 Qe8 20.g4 Rac8
21.f5 Ba8 22.f6 Nf5 23.gxf5 exf5 24.Bxf5 gxf5 25.Qg3+ 1-0

[Event "XVe Open International de l'Indre"]
[Site "Chateauroux - FRA"]
[Date "2014.10.27"]
[Round "4.11"]
[White "Chaudagne, Christophe"]
[Black "Le Bail, Stephane"]
[Result "1-0"]
[WhiteElo "2108"]
[BlackElo "1754"]
[Board "11"]
[Input " "]
[Owner "FFE"]

1.Nf3 d5 2.c4 e6 3.g3 Nf6 4.Bg2 Be7 5.O-O O-O 6.b3 b6 7.Bb2 Bb7 8.e3 
dxc4 9.bxc4 c5 10.d3 Nbd7 11.Nc3 Ne8 12.Qe2 Bf6 13.Rab1 Rb8 14.Ne1 
Bxg2 15.Kxg2 Nd6 16.a4 a6 17.f4 Qc8 18.e4 Bd4 19.Nf3 Bxc3 20.Bxc3 b5 
21.axb5 axb5 22.Be5 Nxe5 23.fxe5 Ne8 24.cxb5 Rb6 25.Rfc1 Qd7 26.Rxc5 
Nc7 27.d4 Rfb8 28.Rbc1 Nxb5 29.Qc4 h6 30.Rc8+ Rxc8 31.Qxc8+ Qxc8 32.
Rxc8+ Kh7 33.d5 Rb7 34.Rc4 Rd7 35.Rc5 Nc7 36.d6 Na6 37.Rc6 Nb8 38.Rb6
Rd8 39.Kf2 Nd7 40.Rb7 g5 41.g4 Kg6 42.Ke3 h5 43.h3 hxg4 44.hxg4 Nc5 
45.Rc7 Na6 46.Ra7 Nc5 47.Nd4 f6 48.Nc6 Rd7 49.Rc7 f5 50.exf5+ exf5 
51.Ne7+ Kf7 52.gxf5 g4 53.Rxc5 Ra7 54.e6+ 1-0

[Event "XVe Open International de l'Indre"]
[Site "Chateauroux - FRA"]
[Date "2014.10.27"]
[Round "4.12"]
[White "Zarebski, Cezary"]
[Black "Augonnet, Herve"]
[Result "1-0"]
[WhiteElo "2025"]
[BlackElo "1682"]
[Board "12"]
[Input " "]
[Owner "FFE"]

1.e4 c5 2.Nf3 d6 3.d4 cxd4 4.Nxd4 Nf6 5.Nc3 g6 6.Be3 Bg7 7.f3 O-O 8.
Qd2 Nc6 9.O-O-O Bd7 10.g4 Rc8 11.h4 h5 12.gxh5 Nxh5 13.Rg1 Kh7 14.Kb1
Ne5 15.f4 Nc4 16.Bxc4 Rxc4 17.f5 Nf6 18.Nd5 Bc6 19.fxg6+ fxg6 20.Ne6 
Qc8 21.Nxf8+ Qxf8 22.Qd3 Bb5 23.b3 Rc5 24.c4 1-0

[Event "XVe Open International de l'Indre"]
[Site "Chateauroux - FRA"]
[Date "2014.10.27"]
[Round "4.13"]
[White "Augereau, Cyrille"]
[Black "Wierzbowska, Aleksandra"]
[Result "1-0"]
[WhiteElo "1943"]
[BlackElo "1409"]
[Board "13"]
[Input " "]
[Owner "FFE"]

1.Nc3 d5 2.e4 d4 3.Nce2 e5 4.Ng3 Nf6 5.Bc4 b6 6.Nf3 Bd6 7.d3 c6 8.a4 
h6 9.O-O O-O 10.Nh4 Nd5 11.Nhf5 Bxf5 12.Nxf5 Ne7 13.Qg4 Nxf5 14.Qxf5 
Qd7 15.Qg6 Kh8 16.Qh5 Kh7 17.f4 f6 18.f5 Qe8 19.Qh4 Qe7 20.Rf3 Rd8 
21.Rh3 Qf8 22.Qh5 Kh8 23.Qg6 b5 24.Bxh6 bxc4 25.Bxg7+ Kg8 26.Rh8# 1-0

[Event "XVe Open International de l'Indre"]
[Site "Chateauroux - FRA"]
[Date "2014.10.27"]
[Round "4.14"]
[White "Dubost, Christophe"]
[Black "Gauclain, Loic"]
[Result "1/2-1/2"]
[WhiteElo "1838"]
[BlackElo "1675"]
[Board "14"]
[Input " "]
[Owner "FFE"]

1.d4 d5 2.c4 Bf5 3.Nc3 e6 4.cxd5 exd5 5.Qb3 Nc6 6.e3 Nb4 7.e4 dxe4 8.
Be3 Nf6 9.a3 Be6 10.Qa4+ Bd7 11.Qb3 Be6 12.Qa4+ Bd7 13.Qb3 Be6 
1/2-1/2

[Event "XVe Open International de l'Indre"]
[Site "Chateauroux - FRA"]
[Date "2014.10.27"]
[Round "4.15"]
[White "Meunier-Pion, Jean"]
[Black "Budak, Rewi"]
[Result "0-1"]
[WhiteElo "1730"]
[BlackElo "1829"]
[Board "15"]
[Input " "]
[Owner "FFE"]

1.e4 c5 2.Nf3 Nc6 3.Bb5 a6 4.Bxc6 dxc6 5.h3 Nf6 6.d3 Qc7 7.Nc3 e5 8.
O-O h6 9.Nh2 Bd6 10.Be3 Be6 11.Qe2 O-O-O 12.a3 Nd7 13.Rfb1 g6 14.b4 
f5 15.Na4 cxb4 16.axb4 f4 17.Bd2 b5 18.Nb2 Kb7 19.Ra5 Nf6 20.Rba1 Ra8
21.d4 Nd7 22.Nf3 g5 23.Bc3 g4 24.Nxe5 Bxe5 25.dxe5 f3 26.gxf3 gxh3 
27.Nd3 Bc4 28.f4 Bxd3 29.cxd3 Nb6 30.Qf3 Na4 31.Bd2 Rhg8+ 32.Kh1 Qd7 
33.f5 Qd4 34.Rc1 Rg2 35.Qxh3 Rxf2 36.Be3 Qxd3 37.Kg1 Re2 38.Qxh6 
Qxe3+ 39.Qxe3 Rxe3 40.Rd1 Rxe4 41.Rd7+ Kb6 42.Re7 Rg8+ 43.Kf2 Rf4+ 
44.Ke3 Rxf5 45.Ke4 Rf1 46.e6 Rg4+ 47.Ke5 Rxb4 48.Rxa4 Rxa4 49.Rf7 
Re1+ 50.Kf5 Rae4 0-1

[Event "XVe Open International de l'Indre"]
[Site "Chateauroux - FRA"]
[Date "2014.10.27"]
[Round "4.16"]
[White "Claudon, Andreas"]
[Black "Prevot, Rodolphe"]
[Result "1/2-1/2"]
[WhiteElo "1479"]
[BlackElo "1922"]
[Board "16"]
[Input " "]
[Owner "FFE"]

1.e4 c5 2.Nf3 e6 3.Nc3 Nc6 4.d4 cxd4 5.Nxd4 Qc7 6.f4 a6 7.Nxc6 bxc6 
8.Bd3 Rb8 9.O-O Nf6 10.e5 Nd5 11.Nxd5 cxd5 12.Kh1 g6 13.b3 Bg7 14.c4 
Bb7 15.Ba3 Bf8 16.Bxf8 Kxf8 17.Qc1 Kg7 18.cxd5 Qa5 19.d6 Rhc8 20.Qe1 
Qd5 21.Qe2 Rc3 22.Bc4 Qc6 23.Rac1 Rxc1 24.Rxc1 Rc8 25.Rg1 h5 26.h3 g5
27.Kh2 h4 28.Qe1 1/2-1/2

[Event "XVe Open International de l'Indre"]
[Site "Chateauroux - FRA"]
[Date "2014.10.27"]
[Round "4.17"]
[White "Labbe, Georges"]
[Black "Darre, Alain"]
[Result "1/2-1/2"]
[WhiteElo "1819"]
[BlackElo "1643"]
[Board "17"]
[Input " "]
[Owner "FFE"]

1.e4 d6 2.d4 Nf6 3.Nc3 Nbd7 4.f4 e5 5.fxe5 dxe5 6.dxe5 Nxe5 7.Qxd8+ 
Kxd8 8.Bf4 Bd6 9.O-O-O Ke7 10.Nd5+ Nxd5 11.exd5 Bf5 12.Re1 f6 13.Nf3 
Rhf8 14.Bc4 Rae8 15.Nxe5 Bxe5 16.Bxe5 fxe5 17.Rxe5+ Kd6 18.Rxe8 Rxe8 
19.Rf1 Be4 20.Rf7 Re7 21.Rxe7 Kxe7 1/2-1/2

[Event "XVe Open International de l'Indre"]
[Site "Chateauroux - FRA"]
[Date "2014.10.27"]
[Round "4.18"]
[White "Bleau, Adrien"]
[Black "Sogny, Richard"]
[Result "1-0"]
[WhiteElo "1752"]
[BlackElo "1624"]
[Board "18"]
[Input " "]
[Owner "FFE"]

1.e4 c5 2.Nf3 Nc6 3.d4 cxd4 4.Nxd4 Nf6 5.Nc3 a6 6.Be3 e5 7.Nb3 d6 8.
f3 Be7 9.Qd2 Be6 10.O-O-O b5 11.g4 g6 12.Nd5 Bxd5 13.exd5 Nb8 14.h4 
Nfd7 15.g5 Nb6 16.f4 exf4 17.Bxf4 N8d7 18.h5 Rc8 19.hxg6 fxg6 20.Bd3 
Nf8 21.Rde1 Kd7 22.Re2 Nc4 23.Bxc4 Rxc4 24.Rhe1 Ne6 25.Rxe6 Re8 26.
Nd4 Kc7 27.Nc6 Rxf4 28.Rxe7+ Rxe7 29.Rxe7+ Kc8 30.Nxd8 Rf1+ 31.Re1 
Rf5 32.Nc6 1-0

[Event "XVe Open International de l'Indre"]
[Site "Chateauroux - FRA"]
[Date "2014.10.27"]
[Round "4.19"]
[White "Petit, Matthias"]
[Black "Palomar, Felix"]
[Result "0-1"]
[WhiteElo "1263"]
[BlackElo "1726"]
[Board "19"]
[Input " "]
[Owner "FFE"]

1.f4 d5 2.c4 Nf6 3.e3 g6 4.Nf3 Bg7 5.d4 O-O 6.Nc3 Bg4 7.Bd2 c5 8.dxc5
dxc4 9.Bxc4 Qa5 10.O-O Qxc5 11.Qb3 Nc6 12.Qb5 Qxb5 13.Bxb5 Rac8 14.
Bxc6 Rxc6 15.Ne5 Rd6 16.Nxg4 Nxg4 17.Ne4 Rd7 18.Rfd1 Rfd8 19.Re1 f5 
20.Ba5 fxe4 21.Bxd8 Rxd8 22.Rad1 Rxd1 23.Rxd1 Nxe3 24.Rd7 Kf7 25.Rxb7
Nd5 26.Rxa7 Bd4+ 0-1

[Event "XVe Open International de l'Indre"]
[Site "Chateauroux - FRA"]
[Date "2014.10.27"]
[Round "4.20"]
[White "Rogier, Jean-Louis"]
[Black "Zarebska, Lena"]
[Result "1-0"]
[WhiteElo "1685"]
[BlackElo "1201"]
[Board "20"]
[Input " "]
[Owner "FFE"]

1.d4 Nf6 2.Nf3 g6 3.Bf4 Bg7 4.e3 O-O 5.c4 d6 6.Nc3 Nbd7 7.h3 Nb6 8.
Bd3 c6 9.O-O d5 10.c5 Nbd7 11.b4 a6 12.a4 Nh5 13.Bh2 f5 14.b5 f4 15.
Ng5 Qa5 16.Rc1 e5 17.Nxh7 e4 18.Nxf8 exd3 19.Nxg6 fxe3 20.fxe3 Ndf6 
21.g4 Bh6 22.Qxd3 Ng7 23.Rxf6 Qd8 24.Rcf1 Ne8 25.Rf8+ Bxf8 26.Rxf8+ 
Kg7 27.Be5+ Kh6 28.Rh8+ Kg5 29.Rh5# 1-0

[Event "XVe Open International de l'Indre"]
[Site "Chateauroux - FRA"]
[Date "2014.10.27"]
[Round "4.21"]
[White "Triboulet, Benjamin"]
[Black "Budak, Rezan"]
[Result "0-1"]
[WhiteElo "1654"]
[BlackElo "1482"]
[Board "21"]
[Input " "]
[Owner "FFE"]

1.e4 c5 2.Nf3 Nc6 3.d4 cxd4 4.Nxd4 e6 5.Nc3 Nf6 6.Ndb5 d6 7.Bd3 a6 8.
Na3 Be7 9.Be3 b5 10.Ne2 Bb7 11.O-O Ne5 12.f3 d5 13.exd5 Nxd5 14.Bf2 
O-O 15.c3 Rc8 16.Bb1 Bxa3 17.bxa3 Nc4 18.a4 Qa5 19.axb5 g6 20.bxa6 
Bxa6 21.Re1 Rfd8 22.Qc1 Na3 23.Qh6 Rd7 24.Bd4 f5 25.Nf4 Nxf4 26.Qxf4 
Rxc3 27.Bxc3 Qxc3 28.Bxf5 gxf5 29.Qg5+ Kh8 30.Rac1 Qd4+ 31.Qe3 e5 32.
Qxd4 exd4 33.Re8+ Kg7 34.Ra8 Be2 35.Kf2 d3 36.Rxa3 d2 37.Rb1 d1=Q 38.
Rxd1 Bxd1 39.Ra8 Rd4 40.Ra7+ Kg6 41.Ra6+ Kg5 42.g3 Ra4 43.f4+ Kh5 44.
Rxa4 Bxa4 45.h3 Kg6 46.g4 Bd1 47.Kg3 h6 48.Kh4 Bc2 49.Kg3 Ba4 50.Kh4 
Be8 51.Kg3 Kf6 52.Kf3 Ke6 53.g5 hxg5 54.fxg5 Ke5 55.h4 Bh5+ 56.Ke3 
f4+ 57.Kf2 Be8 58.Kf3 Kf5 59.a3 Bh5+ 60.Kf2 Bd1 61.Ke1 Ba4 62.Kf2 Be8
63.Kf3 Bc6+ 64.Kf2 Be4 65.a4 Kg4 66.a5 Kxh4 67.g6 Bxg6 68.Kf3 Kg5 69.
a6 Be8 70.a7 Bc6+ 71.Kf2 Kg4 72.Ke1 Kg3 73.Kf1 Kf3 74.Kg1 Ke2 0-1

[Event "XVe Open International de l'Indre"]
[Site "Chateauroux - FRA"]
[Date "2014.10.27"]
[Round "4.22"]
[White "Laudat, Philippe"]
[Black "Krianga, Georgii"]
[Result "1-0"]
[WhiteElo "1533"]
[BlackElo "1277"]
[Board "22"]
[Input " "]
[Owner "FFE"]

1.d4 g6 2.Bf4 Bg7 3.e3 d6 4.Nf3 Bf5 5.Bd3 Bxd3 6.Qxd3 e6 7.
Qb5+ Nd7 8.Qxb7 Qb8 9.Qxb8+ Rxb8 10.b3 e5 11.Bg3 Ne7 12.Nbd2 Nf5 13.
dxe5 Nxg3 14.hxg3 Nxe5 15.Nxe5 Bxe5 16.Rd1 O-O 17.O-O a5 18.Nc4 Rb5 
19.a4 Rc5 20.e4 f5 21.exf5 gxf5 22.Rfe1 Bg7 23.Re7 f4 24.gxf4 Rxf4 
25.Re8+ Kf7 26.Rd8 Kg6 27.Rd3 h5 28.Rg3+ Kh6 29.Rg8 Rg4 30.Rxg4 hxg4 
31.Ra8 Bc3 32.Re8 Kh5 33.g3 d5 34.Ne5 c6 35.Nd3 Bd4 36.Nxc5 Bxc5 37.
Rc8 Bb4 38.Rxc6 d4 39.Kf1 Kg5 40.Ke2 Kf5 41.Rc8 Ke4 42.Rg8 Kf5 43.Rg7
Bc3 44.Rf7+ Kg5 45.Rf4 Bb2 46.Kd3 Bc3 47.Rxd4 Bxd4 48.Kxd4 Kf5 49.c4 
Ke6 50.c5 Kd7 51.Kd5 Kc7 52.Kc4 Kc6 53.b4 axb4 54.Kxb4 Kd5 55.Kb5 Ke4
56.c6 Kf3 57.c7 Kxf2 58.c8=Q Kxg3 59.a5 Kh3 60.a6 Kg3 61.a7 1-0

[Event "XVe Open International de l'Indre"]
[Site "Chateauroux - FRA"]
[Date "2014.10.27"]
[Round "4.23"]
[White "Daliga, Anita"]
[Black "Azen, Bernard"]
[Result "1/2-1/2"]
[WhiteElo "1489"]
[BlackElo "1540"]
[Board "23"]
[Input " "]
[Owner "FFE"]

1.e4 e6 2.d4 d5 3.exd5 exd5 4.Bd3 Bd6 5.Ne2 Nf6 6.O-O O-O 7.h3 Be6 8.
Bf4 Be7 9.Nd2 Nbd7 10.Nf3 Ne4 11.Ng3 f5 12.Ne5 Ndf6 13.Ne2 Rc8 14.c3 
c5 15.f3 Nd6 16.Qe1 Qb6 17.Rb1 Nde8 18.Be3 c4 19.Bc2 Bd6 20.Nf4 Be7 
21.Qf2 1/2-1/2

[Event "XVe Open International de l'Indre"]
[Site "Chateauroux - FRA"]
[Date "2014.10.27"]
[Round "4.24"]
[White "Bleau, Benoit"]
[Black "Cassonnet, Arnaud"]
[Result "0-1"]
[WhiteElo "1278"]
[BlackElo "1730"]
[Board "24"]
[Input " "]
[Owner "FFE"]

1.e4 d5 2.exd5 Qxd5 3.Nc3 Qd8 4.Nf3 Nf6 5.d4 e6 6.Bg5 Be7 7.Bc4 O-O 
8.O-O b6 9.Re1 Bb7 10.a3 Nc6 11.Rb1 Na5 12.Ba2 Bxf3 13.Qxf3 Qxd4 14.
Red1 Qe5 15.Bf4 Qf5 16.Rd2 e5 17.Re1 Bd6 18.Nb5 Qxf4 19.Qxf4 exf4 20.
Nxd6 cxd6 21.Rxd6 Rfe8 22.Red1 Rac8 23.c3 Nb7 24.R6d4 Rcd8 25.f3 Rxd4
26.Rxd4 g5 27.b4 Rd8 28.Rc4 Rd1+ 29.Kf2 Rd2+ 30.Kf1 Rxa2 31.Rc7 Nd6 
32.Rxa7 Nc4 33.a4 Nd5 34.Ra8+ Kg7 35.Rd8 Nxc3 36.Rc8 Ne3+ 37.Kg1 
Rxg2+ 0-1

[Event "XVe Open International de l'Indre"]
[Site "Chateauroux - FRA"]
[Date "2014.10.27"]
[Round "4.25"]
[White "Bohdanowicz, Nikola"]
[Black "Clement, Christian"]
[Result "1-0"]
[WhiteElo "1146"]
[BlackElo "1403"]
[Board "25"]
[Input " "]
[Owner "FFE"]

1.d4 d5 2.c4 e6 3.Nf3 Nc6 4.Nc3 Nf6 5.Bg5 h6 6.Bf4 Nh5 7.e3 Bb4 8.Bd3
Nxf4 9.exf4 Bxc3+ 10.bxc3 O-O 11.O-O b6 12.Ne5 Na5 13.cxd5 exd5 14.
Re1 Re8 15.Qd2 Be6 16.h3 Nc4 17.Qc1 Qd6 18.f5 Bd7 19.Nxd7 Rxe1+ 20.
Qxe1 Qxd7 21.f6 Re8 22.Qc1 Qe6 23.fxg7 Kxg7 24.Qf4 Nd6 25.a4 Rg8 26.
a5 Qf6 27.Qxf6+ Kxf6 28.axb6 axb6 29.Kh2 Rc8 30.Re1 Re8 31.Ra1 Re7 
32.g4 Ne4 33.Bxe4 Rxe4 34.Kg3 Kg6 35.Ra8 Kg7 36.Rd8 c6 37.Kf3 Re6 38.
Ra8 b5 39.Ra2 Kg6 40.Re2 Rf6+ 41.Kg3 Re6 42.Rd2 f5 43.Rd3 Re4 44.f3 
f4+ 45.Kf2 Re7 46.h4 h5 47.Kf1 hxg4 48.fxg4 Rh7 49.Rh3 Kf6 50.Kf2 Rf7
51.h5 Kg5 52.Kf3 Re7 53.Kg2 Kxg4 54.h6 Rh7 55.Rh1 Kg5 56.Kf3 Rxh6 57.
Rxh6 Kxh6 58.Kxf4 Kg6 59.Ke5 Kg5 60.Kd6 Kf4 61.Kxc6 Ke4 62.Kxb5 Kd3 
63.Kc5 Kxc3 64.Kxd5 1-0

[Event "XVe Open International de l'Indre"]
[Site "Chateauroux - FRA"]
[Date "2014.10.28"]
[Round "5.2"]
[White "Battaglini, Gabriel"]
[Black "Letemple, Frederic"]
[Result "1-0"]
[WhiteElo "2430"]
[BlackElo "1950"]
[Board "2"]
[Input " "]
[Owner "FFE"]

1.e4 c5 2.b3 d6 3.Bb2 Nf6 4.Nc3 Nc6 5.Nf3 e5 6.h3 h6 7.Bc4 Na5 8.Bb5+
Bd7 9.Qe2 Nc6 10.Bxc6 Bxc6 11.d3 g6 12.g4 Bg7 13.O-O-O Qd7 14.Rdf1 
O-O-O 15.Nd1 Nh7 16.Ne3 Ng5 17.Nxg5 hxg5 18.a4 Rh4 19.Qf3 Rdh8 20.Kb1
f5 21.gxf5 Rf4 22.Qe2 Rfh4 23.fxg6 Rxh3 24.Rxh3 Rxh3 25.Nf5 Bf6 26.
Qg4 Rh4 27.Nxd6+ Kc7 28.Qxd7+ Kxd7 29.Nf7 Ke6 30.Bxe5 Be8 31.Bxf6 
Kxf6 32.Nd6 1-0

[Event "XVe Open International de l'Indre"]
[Site "Chateauroux - FRA"]
[Date "2014.10.28"]
[Round "5.3"]
[White "Kapala, Serge"]
[Black "Inkiov, Ventzislav"]
[Result "0-1"]
[WhiteElo "1782"]
[BlackElo "2435"]
[Board "3"]
[Input " "]
[Owner "FFE"]

1.d4 Nf6 2.c4 e6 3.Nc3 Bb4 4.Qc2 O-O 5.Bg5 d5 6.e3 c5 7.Nf3 Nbd7 8.
Bd3 h6 9.Bxf6 Nxf6 10.O-O cxd4 11.exd4 dxc4 12.Bxc4 Bxc3 13.bxc3 b6 
14.Bb3 Bb7 15.Qe2 Rc8 16.Rac1 Nd5 17.c4 Nf4 18.Qe3 Qf6 19.Rfd1 Rfd8 
20.Ne1 Rxd4 0-1

[Event "XVe Open International de l'Indre"]
[Site "Chateauroux - FRA"]
[Date "2014.10.28"]
[Round "5.4"]
[White "Malczyk, Jakub"]
[Black "Trendowski, Michal"]
[Result "1-0"]
[WhiteElo "2068"]
[BlackElo "1569"]
[Board "4"]
[Input " "]
[Owner "FFE"]

1.c4 g6 2.Nc3 Bg7 3.d4 Nf6 4.e4 d6 5.h3 O-O 6.Bg5 c5 7.d5 a6 8.a4 e6 
9.Bd3 exd5 10.cxd5 Qa5 11.Ne2 Nbd7 12.f4 c4 13.Bc2 Nc5 14.Qd2 Re8 15.
Bxf6 Bxf6 16.O-O Qb6 17.Kh1 Bd7 18.a5 Qc7 19.Nd4 Nb3 20.Nxb3 cxb3 21.
Bd3 Bxc3 22.bxc3 Rac8 23.c4 Qc5 24.Qb2 f5 25.exf5 Bxf5 26.Bxf5 gxf5 
27.Rf3 Qxc4 28.Rg3+ Kf8 29.Qg7# 1-0

[Event "XVe Open International de l'Indre"]
[Site "Chateauroux - FRA"]
[Date "2014.10.28"]
[Round "5.5"]
[White "Sobry, Sebastien"]
[Black "Valette, Christian"]
[Result "1-0"]
[WhiteElo "2033"]
[BlackElo "2042"]
[Board "5"]
[Input " "]
[Owner "FFE"]

1.e4 e6 2.d4 d5 3.Nd2 Nf6 4.e5 Nfd7 5.Bd3 c5 6.c3 b5 7.Bxb5 Qb6 8.
Bxd7+ Nxd7 9.Ne2 a5 10.O-O Ba6 11.Nf3 Be7 12.b3 cxd4 13.cxd4 O-O 14.
Re1 Rfc8 15.Bg5 Ba3 16.Bc1 Be7 17.Bd2 Ba3 18.Nc3 Qa7 19.Re3 Rc6 20.
Bc1 Bxc1 21.Rxc1 Rac8 22.Ng5 Nf8 23.h4 h6 24.Nh3 Qe7 25.h5 Qb4 26.Qd2
a4 27.Rg3 Kh8 28.bxa4 Qa5 29.Ng5 hxg5 30.Qxg5 Ng6 31.hxg6 Rxc3 32.
gxf7 Rxc1+ 33.Kh2 1-0

[Event "XVe Open International de l'Indre"]
[Site "Chateauroux - FRA"]
[Date "2014.10.28"]
[Round "5.6"]
[White "Viers, Emmanuel"]
[Black "Chaudagne, Christophe"]
[Result "1-0"]
[WhiteElo "2035"]
[BlackElo "2108"]
[Board "6"]
[Input " "]
[Owner "FFE"]

1.e4 e6 2.d4 d5 3.Nd2 Nc6 4.Ngf3 Nf6 5.e5 Nd7 6.c3 f6 7.exf6 Qxf6 8.
Bd3 Bd6 9.O-O O-O 10.Qb3 Kh8 11.Re1 Nd8 12.c4 c6 13.Nf1 Nf7 14.Ng3 
Bxg3 15.hxg3 e5 16.cxd5 exd4 17.dxc6 Nc5 18.Qb4 b6 19.Bf4 g5 20.Nxg5 
Rd8 21.Nxf7+ Qxf7 22.c7 Rd5 23.Bc4 Bb7 24.Be5+ Kg8 25.Bxd5 Qxd5 26.f3
Nd3 27.Qe7 Qf7 28.Qg5+ Qg6 29.Qxg6+ hxg6 30.Re2 Rc8 31.Rd1 Nxe5 32.
Rxe5 Rxc7 33.Rxd4 Ba6 34.Red5 Rc1+ 35.Kh2 Rc2 36.Rd2 Rc7 37.Rd8+ 1-0

[Event "XVe Open International de l'Indre"]
[Site "Chateauroux - FRA"]
[Date "2014.10.28"]
[Round "5.7"]
[White "Egreteau, Eric"]
[Black "Guillo, Nicolas"]
[Result "1-0"]
[WhiteElo "2038"]
[BlackElo "1900"]
[Board "7"]
[Input " "]
[Owner "FFE"]

1.e4 e6 2.Nc3 d5 3.d4 Nf6 4.Bg5 Be7 5.e5 Nfd7 6.h4 h6 7.Bxe7 Qxe7 8.
Qg4 Kf8 9.f4 a6 10.Rh3 h5 11.Qf3 c5 12.Nge2 Nc6 13.O-O-O f5 14.exf6 
Nxf6 15.f5 cxd4 16.Nf4 Ne5 17.Qe2 Nfg4 18.Rxd4 Qc5 19.Rd2 Qb6 20.
Nxe6+ Bxe6 21.fxe6 d4 22.e7+ Ke8 23.Nd5 Qc5 24.Qe4 d3 25.Bxd3 Qg1+ 
26.Rd1 Qxd1+ 27.Kxd1 Nf2+ 28.Ke2 Nxe4 29.Bxe4 Rc8 30.Rg3 g6 31.Rg5 
Ng4 32.Bxg6+ 1-0

[Event "XVe Open International de l'Indre"]
[Site "Chateauroux - FRA"]
[Date "2014.10.28"]
[Round "5.8"]
[White "Zarebski, Cezary"]
[Black "Gey, Marc-Emile"]
[Result "1/2-1/2"]
[WhiteElo "2025"]
[BlackElo "1888"]
[Board "8"]
[Input " "]
[Owner "FFE"]

1.e4 c6 2.d4 g6 3.Nc3 d5 4.e5 Bg7 5.f4 Nh6 6.h3 Nf5 7.Nf3 Ng3 8.Rg1 
Bf5 9.Bd3 e6 10.Bxf5 exf5 11.Be3 Qb6 12.Kf2 Ne4+ 13.Nxe4 fxe4 14.Nd2 
O-O 15.g4 Nd7 16.Nb3 Qd8 17.g5 h5 18.Nd2 Qe7 19.f5 Bxe5 20.dxe5 Qxe5 
21.c3 Qxf5+ 22.Kg2 c5 23.Qe2 Rae8 1/2-1/2

[Event "XVe Open International de l'Indre"]
[Site "Chateauroux - FRA"]
[Date "2014.10.28"]
[Round "5.9"]
[White "Budak, Rewi"]
[Black "Augereau, Cyrille"]
[Result "0-1"]
[WhiteElo "1829"]
[BlackElo "1943"]
[Board "9"]
[Input " "]
[Owner "FFE"]

1.e4 e6 2.Nc3 d5 3.exd5 exd5 4.d4 Nf6 5.Bg5 c6 6.Bd3 Bd6 7.Nge2 Na6 
8.a3 Nc7 9.O-O Bxh2+ 10.Kh1 Bd6 11.Nf4 h6 12.Re1+ Be6 13.Bh4 Bxf4 0-1

[Event "XVe Open International de l'Indre"]
[Site "Chateauroux - FRA"]
[Date "2014.10.28"]
[Round "5.10"]
[White "Kessler, Stefan"]
[Black "Viers, Matthieu"]
[Result "0-1"]
[WhiteElo "2023"]
[BlackElo "1794"]
[Board "10"]
[Input " "]
[Owner "FFE"]

1.c4 d6 2.Nc3 Nf6 3.g3 g6 4.Bg2 Bg7 5.Nf3 Na6 6.O-O c6 7.d3 Nc7 8.Rb1
O-O 9.b4 Re8 10.Bb2 e5 11.Qc2 Nh5 12.Ba1 f5 13.Nd2 Ne6 14.b5 Bd7 15.
Qa4 Nc5 16.Qb4 Nf6 17.Nb3 Qe7 18.Nxc5 dxc5 19.Qa3 Rec8 20.Na4 b6 21.
bxc6 Bxc6 22.Bxc6 Rxc6 23.Nxb6 Rd8 24.Na4 f4 25.Rb5 Nd7 26.Rfb1 h5 
27.Rb7 fxg3 28.hxg3 h4 29.Kg2 Qg5 30.Rxa7 hxg3 31.fxg3 Qe3 32.Re1 Rf6
33.Qc1 Qf2+ 34.Kh3 Kf7 35.Rxd7+ Rxd7 36.Nxc5 Rd8 37.e4 Rh8+ 38.Kg4 
Qf3+ 0-1

[Event "XVe Open International de l'Indre"]
[Site "Chateauroux - FRA"]
[Date "2014.10.28"]
[Round "5.11"]
[White "Gauclain, Loic"]
[Black "Gauthier, Cyrille"]
[Result "0-1"]
[WhiteElo "1675"]
[BlackElo "2013"]
[Board "11"]
[Input " "]
[Owner "FFE"]

1.e4 e5 2.d4 exd4 3.Qxd4 Nc6 4.Qe3 Nf6 5.Nc3 Bb4 6.Bd2 O-O 7.O-O-O 
Re8 8.Bc4 Na5 9.Bd3 d5 10.Nge2 Nc6 11.Qg3 Bd6 12.Qh4 Ne5 13.Bg5 Ng6 
14.Bxf6 Nxh4 15.Bxd8 Rxd8 16.Nxd5 Nxg2 17.Rdg1 Bh3 18.Ng3 c6 19.Nf6+ 
gxf6 20.Nh5 Kf8 21.Nxf6 h6 22.Be2 Nf4 23.Bf3 Bc5 24.Ng4 h5 25.Nh6 
Bxf2 26.Rg8+ Ke7 27.Rg7 Be6 28.Rf1 Be3+ 29.Kb1 Rd2 30.h4 Rad8 31.
Rxf7+ Bxf7 32.Nf5+ Ke8 33.Nxe3 Rh2 34.Nf5 Rdd2 35.e5 Rhf2 36.Nd6+ Ke7
37.Nf5+ Kf8 38.Rd1 Rxf3 39.Nh6 Rdf2 0-1

[Event "XVe Open International de l'Indre"]
[Site "Chateauroux - FRA"]
[Date "2014.10.28"]
[Round "5.12"]
[White "Gedda, Peder"]
[Black "Owen, Michael"]
[Result "1-0"]
[WhiteElo "1801"]
[BlackElo "1682"]
[Board "12"]
[Input " "]
[Owner "FFE"]

1.d4 Nf6 2.Nf3 c5 3.d5 d6 4.Nc3 g6 5.e4 Bg7 6.h3 O-O 7.Bc4 Nbd7 8.O-O
Nb6 9.Be2 Nfd7 10.a4 Ne5 11.Nxe5 Bxe5 12.Nb5 a6 13.Na3 Nxa4 14.Nc4 b5
15.Nxe5 dxe5 16.h4 Kg7 17.h5 e6 18.Qd2 Qh4 19.Qh6+ Kg8 20.Bg5 Qxg5 
21.Qxg5 exd5 22.exd5 f6 23.Qg3 Bf5 24.f4 Rae8 25.hxg6 hxg6 26.fxe5 
Rxe5 27.Rxf5 Rxf5 28.Qxg6+ 1-0

[Event "XVe Open International de l'Indre"]
[Site "Chateauroux - FRA"]
[Date "2014.10.28"]
[Round "5.13"]
[White "Budak, Rezan"]
[Black "Bleau, Adrien"]
[Result "0-1"]
[WhiteElo "1482"]
[BlackElo "1752"]
[Board "13"]
[Input " "]
[Owner "FFE"]

1.e4 e6 2.d4 d5 3.exd5 exd5 4.c4 Nf6 5.Bg5 Be7 6.Nc3 Nc6 7.Nf3 Bg4 8.
Be2 dxc4 9.d5 Bxf3 10.gxf3 Nxd5 11.Bxe7 Ndxe7 12.Qa4 O-O 13.Rd1 Qe8 
14.Qxc4 Rd8 15.Ne4 Rxd1+ 16.Bxd1 Nf5 17.O-O Qe5 18.Kh1 Qxb2 19.Rg1 
Qd4 20.Qc1 Kh8 21.Qf4 Qe5 22.Qg4 Nh6 23.Qh4 Ne7 24.Bb3 Ng6 25.Qh3 Qf5
26.Qg3 Qf4 27.Qh3 Qf5 28.Qg3 Qf4 29.Qh3 Nf5 30.Ng5 Nh6 31.Rg4 Qf5 32.
Qg3 Nxg4 0-1